Biggest Cities in a Strip of the United States Map - Statistics

General Stats
  • This quiz has been taken 41,131 times
    28,826 since last reset
  • The average score is 11 of 14
Answers on the Map
Answers color-coded by a green-red scale on the quiz's map according to % correct below.
 
Answer Stats
Population City % Correct
2,693,976 Chicago
99%
390,144 New Orleans
92%
876,384 Indianapolis
88%
670,820 Nashville
87%
429,606 Minneapolis
86%
651,073 Memphis
78%
590,157 Milwaukee
77%
220,236 Baton Rouge
75%
300,576 St. Louis
75%
308,096 St. Paul
73%
214,237 Des Moines
71%
259,680 Madison
66%
209,403 Birmingham
65%
617,638 Louisville
63%
No matching quizzes found
Score Distribution
Percent of People with Each Score
Percentile by Number Answered
Your Score History
You have not taken this quiz since the last reset